Statistics for United Nations Economic And Social Council Members (ECOSOC)

Click here to take the quiz!

General Stats

  • This quiz has been taken 16 times
  • The average score is 31 of 54

Answer Stats

Member% Correct
Australia
100%
China
100%
India
100%
Russia
100%
South Korea
100%
United States
100%
Brazil
93%
Japan
93%
Canada
86%
Germany
86%
Mexico
86%
Netherlands
86%
Pakistan
86%
Spain
86%
Thailand
86%
Egypt
79%
France
79%
Saudi Arabia
79%
Ukraine
79%
Finland
71%
Iran
71%
Norway
71%
Belarus
64%
Ireland
64%
Kenya
64%
Colombia
57%
Morocco
57%
Panama
57%
Switzerland
57%
Bangladesh
50%
Philippines
50%
Republic of the Congo
50%
Angola
43%
Armenia
43%
Ethiopia
43%
Ghana
43%
Latvia
43%
Botswana
36%
Ecuador
36%
Mali
36%
Sudan
36%
Uruguay
36%
Luxembourg
29%
Nicaragua
29%
Paraguay
29%
Togo
29%
Turkmenistan
29%
Benin
21%
Jamaica
21%
Malta
21%
El Salvador
14%
Gabon
14%
Malawi
14%
Montenegro
14%

Score Distribution

Percentile by Number Answered

Percent of People with Each Score

Your Score History

You have not taken this quiz